| 000 | 00826nam a22003017a 4500 | ||
|---|---|---|---|
| 001 | BR2018000142 | ||
| 003 | BR-BrBNA | ||
| 005 | 20230928105223.0 | ||
| 007 | ta | ||
| 008 | 230509b bl.||||| |||| 00| 0 por d | ||
| 040 |
_aBR-BrBNA _bpor _cBiblioteca Nacional de Agricultura |
||
| 041 | _a(Por) | ||
| 072 | _aF40 | ||
| 090 | _ F40 BR2018000142 | ||
| 100 | 1 | _aWeis, B. | |
| 100 | 1 | _aVelasquez, C.S.C. | |
| 100 | 1 | _aJunqueira, R.G.P. | |
| 245 | 1 | _aPlantando florestas, mudando vidas: a educação agroflorestal na Bacia do Xingu | |
| 260 | 3 |
_aSão Paulo, SP (Brasil): _c2010. |
|
| 300 | _a78 p. | ||
| 500 | _a20 illus. | ||
| 650 | _aPRODUÇÃO FLORESTAL | ||
| 650 | _aBIODIVERSIDADE | ||
| 650 | _aECOLOGIA FLORESTAL | ||
| 650 | _aBACIA HIDROGRÁFICA | ||
| 909 |
_a202309 _bLucia _c55 _dLucia Elande |
||
| 942 | _cBK | ||
| 999 |
_c84112 _d84112 |
||